<?xml version="1.0" encoding="UTF-8"?>
<record
    xmlns:xsi="http://www.w3.org/2001/XMLSchema-instance"
    xsi:schemaLocation="http://www.loc.gov/MARC21/slim http://www.loc.gov/standards/marcxml/schema/MARC21slim.xsd"
    xmlns="http://www.loc.gov/MARC21/slim">

  <leader>00646nam a2200217Ia 4500</leader>
  <controlfield tag="005">20230708095353.0</controlfield>
  <controlfield tag="008">210716s2001    xx            000 0 und d</controlfield>
  <datafield tag="020" ind1=" " ind2=" ">
    <subfield code="a">8177220993</subfield>
  </datafield>
  <datafield tag="040" ind1=" " ind2=" ">
    <subfield code="c">AIMIT LIBRARY</subfield>
  </datafield>
  <datafield tag="041" ind1=" " ind2=" ">
    <subfield code="a">eng</subfield>
  </datafield>
  <datafield tag="082" ind1=" " ind2=" ">
    <subfield code="a">004.606 </subfield>
    <subfield code="2">1</subfield>
    <subfield code="b">MCGM</subfield>
  </datafield>
  <datafield tag="100" ind1=" " ind2=" ">
    <subfield code="a">Mcgrath, Mike.</subfield>
    <subfield code="9">126021</subfield>
  </datafield>
  <datafield tag="245" ind1=" " ind2=" ">
    <subfield code="a">WAP with WML programming : </subfield>
    <subfield code="b">in easy steps /</subfield>
    <subfield code="c">By Mike McGrath.</subfield>
  </datafield>
  <datafield tag="250" ind1=" " ind2=" ">
    <subfield code="a">1st ed.</subfield>
  </datafield>
  <datafield tag="260" ind1=" " ind2=" ">
    <subfield code="a">New Delhi :</subfield>
    <subfield code="b">Dreamtech Press ,</subfield>
    <subfield code="c">2001.</subfield>
  </datafield>
  <datafield tag="300" ind1=" " ind2=" ">
    <subfield code="a">192p. ;</subfield>
    <subfield code="b">PB</subfield>
    <subfield code="c">22.6</subfield>
  </datafield>
  <datafield tag="650" ind1=" " ind2=" ">
    <subfield code="a">Deck navigation</subfield>
    <subfield code="9">126022</subfield>
  </datafield>
  <datafield tag="650" ind1=" " ind2=" ">
    <subfield code="a">Lang library</subfield>
    <subfield code="9">126023</subfield>
  </datafield>
  <datafield tag="650" ind1=" " ind2=" ">
    <subfield code="a">Making statements</subfield>
    <subfield code="9">126024</subfield>
  </datafield>
  <datafield tag="942" ind1=" " ind2=" ">
    <subfield code="2">ddc</subfield>
    <subfield code="c">BK</subfield>
    <subfield code="e">1st ed.</subfield>
    <subfield code="k">004.606 MCGM</subfield>
  </datafield>
  <datafield tag="999" ind1=" " ind2=" ">
    <subfield code="c">186545</subfield>
    <subfield code="d">186545</subfield>
  </datafield>
  <datafield tag="952" ind1=" " ind2=" ">
    <subfield code="0">0</subfield>
    <subfield code="1">0</subfield>
    <subfield code="2">ddc</subfield>
    <subfield code="4">0</subfield>
    <subfield code="7">0</subfield>
    <subfield code="8">MCA</subfield>
    <subfield code="a">AIMIT</subfield>
    <subfield code="b">AIMIT</subfield>
    <subfield code="e">Sita Book House</subfield>
    <subfield code="g">99.00</subfield>
    <subfield code="i">Bill no:5696; Bill dt:2004-07-12</subfield>
    <subfield code="l">0</subfield>
    <subfield code="o">004.606 MCGM</subfield>
    <subfield code="p">MCA06053</subfield>
    <subfield code="r">2025-07-21 00:00:00</subfield>
    <subfield code="v">74.25</subfield>
    <subfield code="w">2021-07-16</subfield>
    <subfield code="y">BK</subfield>
  </datafield>
  <datafield tag="952" ind1=" " ind2=" ">
    <subfield code="0">0</subfield>
    <subfield code="1">0</subfield>
    <subfield code="2">ddc</subfield>
    <subfield code="4">0</subfield>
    <subfield code="7">0</subfield>
    <subfield code="8">MCA</subfield>
    <subfield code="a">AIMIT</subfield>
    <subfield code="b">AIMIT</subfield>
    <subfield code="e">Sita Book House</subfield>
    <subfield code="g">99.00</subfield>
    <subfield code="i">Bill no:5696; Bill dt:2004-07-12</subfield>
    <subfield code="l">0</subfield>
    <subfield code="o">004.606 MCGM</subfield>
    <subfield code="p">MCA06054</subfield>
    <subfield code="r">2025-07-21 00:00:00</subfield>
    <subfield code="v">74.25</subfield>
    <subfield code="w">2021-07-16</subfield>
    <subfield code="y">BK</subfield>
  </datafield>
  <datafield tag="952" ind1=" " ind2=" ">
    <subfield code="0">0</subfield>
    <subfield code="1">0</subfield>
    <subfield code="2">ddc</subfield>
    <subfield code="4">0</subfield>
    <subfield code="7">0</subfield>
    <subfield code="8">MCA</subfield>
    <subfield code="a">AIMIT</subfield>
    <subfield code="b">AIMIT</subfield>
    <subfield code="e">Sita Book House</subfield>
    <subfield code="g">99.00</subfield>
    <subfield code="i">Bill no:5696; Bill dt:2004-07-12</subfield>
    <subfield code="l">0</subfield>
    <subfield code="o">004.606 MCGM</subfield>
    <subfield code="p">MCA06055</subfield>
    <subfield code="r">2025-07-21 00:00:00</subfield>
    <subfield code="v">74.25</subfield>
    <subfield code="w">2021-07-16</subfield>
    <subfield code="y">BK</subfield>
  </datafield>
  <datafield tag="952" ind1=" " ind2=" ">
    <subfield code="0">0</subfield>
    <subfield code="1">0</subfield>
    <subfield code="2">ddc</subfield>
    <subfield code="4">0</subfield>
    <subfield code="7">0</subfield>
    <subfield code="8">MCA</subfield>
    <subfield code="a">AIMIT</subfield>
    <subfield code="b">AIMIT</subfield>
    <subfield code="e">Sita Book House</subfield>
    <subfield code="g">99.00</subfield>
    <subfield code="i">Bill no:5696; Bill dt:2004-07-12</subfield>
    <subfield code="l">0</subfield>
    <subfield code="o">004.606 MCGM</subfield>
    <subfield code="p">MCA06056</subfield>
    <subfield code="r">2025-07-21 00:00:00</subfield>
    <subfield code="v">74.25</subfield>
    <subfield code="w">2021-07-16</subfield>
    <subfield code="y">BK</subfield>
  </datafield>
  <datafield tag="952" ind1=" " ind2=" ">
    <subfield code="0">0</subfield>
    <subfield code="1">0</subfield>
    <subfield code="2">ddc</subfield>
    <subfield code="4">0</subfield>
    <subfield code="7">0</subfield>
    <subfield code="8">MCA</subfield>
    <subfield code="a">AIMIT</subfield>
    <subfield code="b">AIMIT</subfield>
    <subfield code="e">Sita Book House</subfield>
    <subfield code="g">99.00</subfield>
    <subfield code="i">Bill no:5696; Bill dt:2004-07-12</subfield>
    <subfield code="l">0</subfield>
    <subfield code="o">004.606 MCGM</subfield>
    <subfield code="p">MCA06057</subfield>
    <subfield code="r">2025-07-21 00:00:00</subfield>
    <subfield code="v">74.25</subfield>
    <subfield code="w">2021-07-16</subfield>
    <subfield code="y">BK</subfield>
  </datafield>
  <datafield tag="952" ind1=" " ind2=" ">
    <subfield code="0">0</subfield>
    <subfield code="1">0</subfield>
    <subfield code="2">ddc</subfield>
    <subfield code="4">0</subfield>
    <subfield code="7">3</subfield>
    <subfield code="8">MCA</subfield>
    <subfield code="a">AIMIT</subfield>
    <subfield code="b">AIMIT</subfield>
    <subfield code="e">Sita Book House</subfield>
    <subfield code="g">99.00</subfield>
    <subfield code="i">Bill no:5696; Bill dt:2004-07-12</subfield>
    <subfield code="l">0</subfield>
    <subfield code="o">004.65 MCGM</subfield>
    <subfield code="p">MCA06058</subfield>
    <subfield code="r">2025-07-21 00:00:00</subfield>
    <subfield code="v">74.25</subfield>
    <subfield code="w">2021-07-16</subfield>
    <subfield code="y">BK</subfield>
  </datafield>
  <datafield tag="952" ind1=" " ind2=" ">
    <subfield code="0">0</subfield>
    <subfield code="1">0</subfield>
    <subfield code="2">ddc</subfield>
    <subfield code="4">0</subfield>
    <subfield code="7">0</subfield>
    <subfield code="8">MCA</subfield>
    <subfield code="a">AIMIT</subfield>
    <subfield code="b">AIMIT</subfield>
    <subfield code="e">Sita Book House</subfield>
    <subfield code="g">99.00</subfield>
    <subfield code="i">Bill no:5696; Bill dt:2004-07-12</subfield>
    <subfield code="l">0</subfield>
    <subfield code="o">004.606 MCGM</subfield>
    <subfield code="p">MCA06059</subfield>
    <subfield code="r">2025-07-21 00:00:00</subfield>
    <subfield code="v">74.25</subfield>
    <subfield code="w">2021-07-16</subfield>
    <subfield code="y">BK</subfield>
  </datafield>
  <datafield tag="952" ind1=" " ind2=" ">
    <subfield code="0">0</subfield>
    <subfield code="1">0</subfield>
    <subfield code="2">ddc</subfield>
    <subfield code="4">0</subfield>
    <subfield code="7">0</subfield>
    <subfield code="8">MCA</subfield>
    <subfield code="a">AIMIT</subfield>
    <subfield code="b">AIMIT</subfield>
    <subfield code="e">Sita Book House</subfield>
    <subfield code="g">99.00</subfield>
    <subfield code="i">Bill no:5696; Bill dt:2004-07-12</subfield>
    <subfield code="l">0</subfield>
    <subfield code="o">004.606 MCGM</subfield>
    <subfield code="p">MCA06060</subfield>
    <subfield code="r">2025-07-21 00:00:00</subfield>
    <subfield code="v">74.25</subfield>
    <subfield code="w">2021-07-16</subfield>
    <subfield code="y">BK</subfield>
  </datafield>
  <datafield tag="952" ind1=" " ind2=" ">
    <subfield code="0">0</subfield>
    <subfield code="1">0</subfield>
    <subfield code="2">ddc</subfield>
    <subfield code="4">0</subfield>
    <subfield code="7">0</subfield>
    <subfield code="8">MCA</subfield>
    <subfield code="a">AIMIT</subfield>
    <subfield code="b">AIMIT</subfield>
    <subfield code="e">Sita Book House</subfield>
    <subfield code="g">99.00</subfield>
    <subfield code="i">Bill no:5696; Bill dt:2004-07-12</subfield>
    <subfield code="l">0</subfield>
    <subfield code="o">004.606 MCGM</subfield>
    <subfield code="p">MCA06061</subfield>
    <subfield code="r">2025-07-21 00:00:00</subfield>
    <subfield code="v">74.25</subfield>
    <subfield code="w">2021-07-16</subfield>
    <subfield code="y">BK</subfield>
  </datafield>
  <datafield tag="952" ind1=" " ind2=" ">
    <subfield code="0">0</subfield>
    <subfield code="1">0</subfield>
    <subfield code="2">ddc</subfield>
    <subfield code="4">0</subfield>
    <subfield code="7">0</subfield>
    <subfield code="8">MCA</subfield>
    <subfield code="a">AIMIT</subfield>
    <subfield code="b">AIMIT</subfield>
    <subfield code="e">Sita Book House</subfield>
    <subfield code="g">99.00</subfield>
    <subfield code="i">Bill no:5696; Bill dt:2004-07-12</subfield>
    <subfield code="l">0</subfield>
    <subfield code="o">004.606 MCGM</subfield>
    <subfield code="p">MCA06062</subfield>
    <subfield code="r">2025-07-21 00:00:00</subfield>
    <subfield code="v">74.25</subfield>
    <subfield code="w">2021-07-16</subfield>
    <subfield code="y">BK</subfield>
  </datafield>
</record>
